000 00522nam a2200181Ia 4500
001 12727
005 20260306163002.0
008 260306t2011||||xx |||||||||||||| ||spa||
041 _aESP
082 _aHR 720
_bDIC 2011 ARQCA
110 _aUniversidad Católica de Santa María
245 0 _aARQCA :
_brevista del Programa Profesional de Arquitectura de la Universidad Católica de Santa María
260 _c2011
300 _a80 páginas :
_c24 cm.
650 _aGEN
654 _aCAU
942 _cREV
_dJUS
_fJUS
_2ddc
_n
999 _c12727
_d12727